000 00577nam a2200217 a 4500
001 0001-2074
003 ELIB.Books
008 190722 2010 eng
020 _a0829815910
092 _a230.082
_bLev
100 _aLevine, Amy-Jill.
245 _aA feminist Companion to Mark
260 _aCleveland
_bThe Pilgrim Press
_c2001
300 _a261
_c20cm
650 _aFeminist Theology
856 _nKBTS Library
_uKBTS Elib
942 _2ddc
_cBK
990 _a5
998 _aEnglishbooks.elf
_ccat
_e2019-07-22
_mcat
_u2019-07-23
999 _c12074
_d12074